| 000 | 00000nas 2200000zi 4500 |
| 001 | 9.945276 |
| 003 | CaOODSP |
| 005 | 20251015161053 |
| 006 | m o d f |
| 007 | cr cn |||||||| |
| 008 | 241118c20249999oncar p o f0 a0eng|d |
| 040 | |aCaOODSP|beng|erda|cCaOODSP |
| 043 | |an-cn--- |
| 086 | 1 |aT35-2/1-1E-PDF |
| 110 | 2 |aShip and Rail Compensation Canada. |bShip Fund, |eauthor, |eissuing body. |
| 245 | 10|aAnnual report / |cShip and Rail Compensation Canada – Ship Fund. |
| 264 | 1|aOttawa, ON, Canada : |bAdministrator of Ship and Rail Compensation Canada – Ship Fund, |c[2024]- |
| 310 | |aAnnual |
| 336 | |atext|btxt|2rdacontent |
| 337 | |acomputer|bc|2rdamedia |
| 338 | |aonline resource|bcr|2rdacarrier |
| 362 | 1 |aBegan with: 2023/2024. |
| 500 | |aIssued also in French under title: Rapport annuel. |
| 588 | |aDescription based on: 2023/2024; title from PDF cover page. |
| 588 | |aLatest issue consulted: 2023/2024. |
| 610 | 20|aShip and Rail Compensation Canada. |bShip Fund|vPeriodicals. |
| 650 | 0|aOil pollution of the sea|zCanada|vPeriodicals. |
| 650 | 0|aLiability for oil pollution damages|zCanada|vPeriodicals. |
| 655 | 7|aPeriodicals|2lcgft |
| 775 | 08|tRapport annuel / |w(CaOODSP)9.945275 |
| 780 | 00|tThe administrator's annual report / |w(CaOODSP)9.506567 |